00487nam a22001697a 4500003000400000008004100004082001400045100002100059245008600080260006900166300000900235502001700244650001700261650001700278650001100295650001100306OSt260502b |||||||| |||| 00| 0 eng d a635bK98S aKumar, Niranjan. aStability Analysis in Bitter Gourd (Momordica charantia L.) / cby Niranjan Kumar a.- Sabour, Bhagalpurb: Bihar Agricultural College, RAU c, 2003 a99p. bPh. D.d2003 aHorticulture aBitter Gourd aThesis aPh. D.